| 000 | 00529cab a2200193 4500 | ||
|---|---|---|---|
| 001 | WB2720-30 | ||
| 008 | 090401t1991 xxu||||| |||| 00| 0 eng d | ||
| 035 | _a(Sirsi) u9327 | ||
| 041 | _aeng | ||
| 245 | _aFutures market | ||
| 260 | _c1991 | ||
| 350 | _a0 | ||
| 490 |
_aEstates Times _vno 1096 17/5/91 p7 |
||
| 520 | _aDescribes how the property futures market works and reviews the opening days trading. | ||
| 650 | _aLONDON FOX | ||
| 690 | _aPROPERTY-PROPERTY FINANCE AND INVESTMENT | ||
| 942 | _n0 | ||
| 948 | _c04/03/1997 | ||
| 999 |
_c5808 _d5808 |
||